Путеводная звезда. 1999, 8 (44): На последнем берегу (Запись № 4200938)

Подробности
000 -МАРКЕР
контрольное поле 01313nam2a22002771 4500
001 - ИДЕНТИФИКАТОР ЗАПИСИ
контрольное поле RU\NLR\Per\503010
005 - ИДЕНТИФИКАТОР ВЕРСИИ
контрольное поле 20250617142424.0
035 ## - ДРУГИЕ СИСТЕМНЫЕ НОМЕРА
Идентификатор записи (NLR Aleph) 002688148
100 ## - ДАННЫЕ ОБЩЕЙ ОБРАБОТКИ
Данные общей обработки 20070605d1999 |||y0rusy50 ca
101 0# - ЯЗЫК РЕСУРСА
Язык текста, звукозаписи и т.д. русский
102 ## - СТРАНА ПУБЛИКАЦИИ ИЛИ ПРОИЗВОДСТВА
Страна публикации Российская Федерация
105 ## - ПОЛЕ КОДИРОВАННЫХ ДАННЫХ: ТЕКСТОВЫЕ МАТЕРИАЛЫ, МОНОГРАФИЧЕСКИЕ
Кодированные данные о монографическом текстовом документе y |||||||||
200 1# - ЗАГЛАВИЕ И СВЕДЕНИЯ ОБ ОТВЕТСТВЕННОСТИ
Основное заглавие На последнем берегу
Первые сведения об ответственности Урсула Ле Гуин
210 ## - ПУБЛИКАЦИЯ, РАСПРОСТРАНЕНИЕ И ДР.
Дата издания, распространения и т.д. 1999
Место издания, распространения и т.д. Б. м.
225 0# - СЕРИЯ
Основное заглавие серии Школьная роман-газета
Обозначение тома 1999, 8 (44)
Наименование части Большая перемена
Обозначение тома 1999, 8
461 #0 - УРОВЕНЬ НАБОРА
Встроенное поле 001RU\NLR\INFOCOMM31\1000112496
-- 2001#$aПутеводная звезда$eШк. чтение$eГуманит. образоват. журн.$v1999, 8 (44)
Системный номер (АБИС) связанной записи 4287622
Место публикации М.
Дата публикации 1996 -
Имя издателя, распространителя и т.д. Б. и.
Сведения, относящиеся к заглавию Шк. чтение : Гуманит. образоват. журн.
Заглавие Путеводная звезда
Номер тома 1999, 8 (44)
462 #0 - УРОВЕНЬ ПОДНАБОРА
Встроенное поле 001RU\NLR\Per\495052
-- 2001#$aБольшая перемена$eЖурн. в журн.$v1999, 8
Системный номер (АБИС) связанной записи 4116848
Место публикации М.
Дата публикации 1996 -
Сведения, относящиеся к заглавию Журн. в журн.
Заглавие Путеводная звезда. - Большая перемена
Номер тома 1999, 8
700 #1 - ИМЯ ЛИЦА - ПЕРВИЧНАЯ ОТВЕТСТВЕННОСТЬ
Начальный элемент ввода Ле Гуин
Часть имени, кроме начального элемента ввода У.
Расширение инициалов личного имени Урсула
Код отношения Автор
801 #0 - ИСТОЧНИК ЗАПИСИ
Страна Российская Федерация
Организация NLR
Дата составления 20070605
Правила каталогизации psbo
801 #1 - ИСТОЧНИК ЗАПИСИ
Страна Российская Федерация
Организация NLR
Дата составления 20070605
Источник данных rusmarc
852 ## - МЕСТОНАХОЖДЕНИЕ И ШИФР ХРАНЕНИЯ
Идентификатор организации NLR
Шифр хранения (Call Number) П29/750
942 ## - ДОПОЛНИТЕЛЬНЫЕ ЭЛЕМЕНТЫ ЗАПИСИ (АБИС)
Тип экземпляра АБИС Выпуск
980 ## - КОЛЛЕКЦИЯ
Название коллекции Национальная библиография
980 ## - КОЛЛЕКЦИЯ
Название коллекции Русская периодика

Нет доступных экземпляров.